Statistiques concernant The Walking Dead: 40 photos, 40 personnages

Cliquez ici pour prendre le quiz!

Statistiques générales

  • Ce quiz a été pris 3 989 fois
  • Le résultat moyen est 26 sur 40

Statistiques - réponses

Réponse% Correct
Daryl Dixon
95%
Rick Grimes
90%
Abraham Ford
89%
Jesus
87%
Carl Grimes
86%
Carol Peletier
86%
Maggie Greene Rhee
86%
Glenn Rhee
85%
Negan
84%
Michonne
83%
Hershel Greene
80%
Gabriel Stokes
78%
Judith Grimes
77%
Morgan Jones
77%
Philip Blake "Le Gouverneur"
77%
Alpha
74%
Beta
73%
Eugene Porter
72%
Sasha Williams
72%
Andrea Harrison
71%
Shane Walsh
71%
Ezekiel
70%
Rosita Espinosa
70%
Merle Dixon
69%
Lori Grimes
68%
Tara Chambler
62%
Beth Greene
60%
Dale Horvath
57%
Enid
56%
"Princess" Juanita Sanchez
56%
Simon
51%
Tyreese Williams
50%
Jadis
44%
Dwight
42%
Yumiko
39%
Jerry
36%
Lydia
31%
Siddiq
29%
Deanna Monroe
24%
Magna
24%

Distribution des résultats

Percentile par nombre de réponses

% des personnes avec chaque résultat

Votre développement - résultats

Vous n’avez pas pris ce quiz